01149nab a22002657a 4500003000400000005001700004008004100021040000700062100002500069245011400094260007200208300001500280500003800295505005400333505012000387505008900507650002000596650002800616650002300644650001200667650002100679650002300700700002700723773013300750OSt20260114012628.0190605e xxu||||| |||| 00| 0 spa d cPJ aAlmejún, Fernando 10aMedida cautelar que ordena reincorporar a un dirigente sindical /cFernando Almejún, Verónica Quinteros.  aCiudad Autónoma de Buenos Aires :bThomson Reuters La Ley,c2024. ap. 112-115 aCita: TR LALEY AR/DOC/264/2024.  aSumario: I. Hechos.— II. Comentarios al fallo.  aFallo comentado: SC Buenos Aires ~ 07/09/2023 ~ Seillant Idelmar Raul c. IOMA s/ amparo sindical recurso de queja. t¿Te interesa el texto completo? Solicitalo al correo: koha@justierradelfuego.gov.ar 0aDERECHO LABORAL 0aASOCIACIONES SINDICALES 0aREINCORPORACIÓN  0aDESPIDO 0aACCION DE AMPARO 0aMEDIDAS CAUTELARES aQuinteros, Verónica 0 02711dCiudad Autónoma de Buenos Aires : Thomson Reuters La Ley, 1999-2002.tRevista de derecho del trabajo. Nº 2 - Marzo 2024